LITTLE BOOK OF TWITTER GET TWEETWISE (Record no. 15941)

MARC details
000 -LEADER
fixed length control field 00330nam a2200133Ia 4500
008 - FIXED-LENGTH DATA ELEMENTS--GENERAL INFORMATION
fixed length control field 240624s9999 xx 000 0 und d
041 ## - LANGUAGE CODE
Language code of text/sound track or separate title eng
082 ## - DEWEY DECIMAL CLASSIFICATION NUMBER
Classification number 658.056754 COL
100 ## - MAIN ENTRY--PERSONAL NAME
Personal name COLLINS TIM
245 ## - TITLE STATEMENT
Title LITTLE BOOK OF TWITTER GET TWEETWISE
260 ## - PUBLICATION, DISTRIBUTION, ETC.
Date of publication, distribution, etc. 2009
Place of publication, distribution, etc. London
Name of publisher, distributor, etc. Michael O' Mara
300 ## - PHYSICAL DESCRIPTION
Extent 160 : p.
365 ## - TRADE PRICE
Currency code RS
Holdings
Withdrawn status Lost status Damaged status Not for loan Home library Current library Shelving location Date acquired Source of acquisition Cost, normal purchase price Total Holds Full call number Barcode Date last seen Copy number Price effective from Koha item type
        IMTN IMTN Rack 20-B 11/22/2010 FK 245.00 32767 658.056754 COL 15941 06/24/2024 1 06/24/2024 Books
Designed & Maintained by: LRC IMT Nagpur Contact: lrc@imtnag.ac.in© 2024. All Rights Reserved.